[Event "Aurora Spring op U2000"]
[Site "Aurora"]
[Date "2018.03.25"]
[Round "5.10"]
[White "Botha, Charl Elmo"]
[Black "Sharpe, Michael D"]
[Result "1/2-1/2"]
[WhiteElo "1603"]
[BlackElo "1745"]
[PlyCount "59"]
[EventDate "2018.03.24"]
[EventType "swiss"]
[EventRounds "5"]
[EventCountry "CAN"]
[SourceTitle "EXT 2022"]
[Source "ChessBase"]
[SourceDate "2021.10.06"]
[SourceVersion "1"]
[SourceVersionDate "2021.10.06"]
[SourceQuality "1"]

1. e4 c5 2. Nf3 d6 3. Bb5+ Bd7 4. Bxd7+ Qxd7 5. d3 Nc6 6. 0-0 e6 7. Bf4 Be7 8. Nc3 Nf6 9. Re1 0-0 10. Qd2 Nd4 11. Ne2 Nxf3+ 12. gxf3 e5 13. Bg3 Nh5 14. Kh1 f5 15. f4 Rf7 16. fxe5 dxe5 17. f3 f4 18. Bf2 Qh3 19. Ng1 Qe6 20. Kg2 Qg6+ 21. Kf1 Qe6 22. Ke2 Rd8 23. Qa5 Qb6 24. Qxb6 axb6 25. Nh3 h6 26. Rg1 Nf6 27. Rg6 Kf8 28. Bh4 Rd6 29. Rag1 Bd8 30. Nf2 1/2-1/2